Riconosci il Pokémon - Quiz n°921 - Statistics

Statistiche generali
  • Questo quiz è stato fatto 0 volte
  • Il punteggio medio è 0 su 10
Statistiche sulle risposte
Indizio Risposta % Corretto
Altezza 0,80 m
0%
Peso 24,0 kg
0%
Tasso di cattura 255 (43.9%)
0%
Sesso 50% ♂, 50% ♀
0%
Stadio evoluzione Forma Base
0%
Tasso di allevamento Lento
0%
Tipo Normale
0%
Abilità Pigrone
0%
Pokémon Slakoth
0%
Generazione Terza
0%
Nessun quiz corrispondente trovato
Distribuzione punteggi
Percentuale di utenti per punteggio
Percentile per numero di risposta
I tuoi punteggi nel tempo
Non hai fatto questo quiz